Impact of Blockchain on Firms and Households - A Microeconomic Perspective
Transformačné účinky technológie blockchain na firmy a domácnosti v širšom kontexte Internetu hodnoty (IoV). Prijatím mikroekonomického hľadiska článok analyzuje netechnické aspekty technológie distribuovanej databázy transakcií (Distributed Ledger Technology - DLT). Blockchain ako potenciálny kľúčo...
Saved in:
| Main Author: | |
|---|---|
| Other Authors: | |
| Format: | Book Chapter |
| Language: | English |
| Subjects: | |
| Tags: |
No Tags, Be the first to tag this record!
|
MARC
| LEADER | 00000naa$a2200000$$$4500 | ||
|---|---|---|---|
| 001 | 0305740 | ||
| 005 | 20241219102107.5 | ||
| 041 | 0 | |a eng | |
| 044 | |a CZ | ||
| 245 | 1 | 0 | |a Impact of Blockchain on Firms and Households - A Microeconomic Perspective |c Edwin Binder, Vladimír Bolek |
| 520 | |a Transformačné účinky technológie blockchain na firmy a domácnosti v širšom kontexte Internetu hodnoty (IoV). Prijatím mikroekonomického hľadiska článok analyzuje netechnické aspekty technológie distribuovanej databázy transakcií (Distributed Ledger Technology - DLT). Blockchain ako potenciálny kľúčový katalyzátor digitálnej transformácie. | ||
| 610 | 2 | 0 | |a mikroekonomika |
| 610 | 2 | 0 | |a technológie inteligentné |
| 610 | 2 | 0 | |a technológie nové |
| 610 | 2 | 0 | |a firmy |
| 610 | 2 | 0 | |a domácnosti |
| 610 | 2 | 0 | |a transformácia digitálna |
| 100 | 1 | |a Binder, Edwin, 1960- | |
| 700 | 1 | |a Bolek, Vladimír, 1988- | |